| 000 | 00944nam a2200253Ia 4500 | ||
|---|---|---|---|
| 001 | Z_6941 | ||
| 008 | 220601s9999 xx 000 0 und d | ||
| 082 | _a636.40831 C66 | ||
| 245 | _aConstrucciones para las explotaciones porcinas / traducción Elias Fernández González | ||
| 260 | _aEspaña : Acribia | ||
| 300 | _axiv,110 p. | ||
| 440 |
_aManuales de técnica agropecuaria _970676 |
||
| 500 | _aEste libro es traducción del boletín número 160, Housing the pig (edición actual, 1962) Publicado por el Ministry of Agriculture, Fisheries and Food. | ||
| 503 | _aej.1: C/E | ||
| 650 | _a1. Alojamiento de cerdos | ||
| 650 |
_aEstructuras e instalaciones agrarias _9143224 |
||
| 650 |
_aComederos para cerdos _9146363 |
||
| 700 |
_aFernández González, Elias, tr.Ì _9180399 |
||
| 901 | _a636.40831 C66 | ||
| 902 | _aA | ||
| 905 | _a5232271963 sp adm 8222223322spa16 | ||
| 942 | _c1 | ||
| 999 |
_c217185 _d217185 |
||